<?xml version="1.0" encoding="UTF-8"?>
<collection xmlns="http://www.loc.gov/MARC21/slim">
<record>
  <controlfield tag="001">308128</controlfield>
  <controlfield tag="005">20240928181437.0</controlfield>
  <datafield tag="035" ind1=" " ind2=" ">
    <subfield code="a">G:(GEPRIS)24102008</subfield>
  </datafield>
  <datafield tag="024" ind1="7" ind2=" ">
    <subfield code="a">G:(GEPRIS)24102008</subfield>
    <subfield code="d">24102008</subfield>
  </datafield>
  <datafield tag="040" ind1=" " ind2=" ">
    <subfield code="a">GEPRIS</subfield>
    <subfield code="c">http://gepris.its.kfa-juelich.de</subfield>
  </datafield>
  <datafield tag="150" ind1=" " ind2=" ">
    <subfield code="a">Pi-Aktivierung als Schlüsselkomponente im Design neuer Dominoreaktionen</subfield>
    <subfield code="y">2006 - 2015</subfield>
  </datafield>
  <datafield tag="371" ind1=" " ind2=" ">
    <subfield code="a">Professor Dr. Stefan F. Kirsch</subfield>
  </datafield>
  <datafield tag="450" ind1=" " ind2=" ">
    <subfield code="a">DFG project G:(GEPRIS)24102008</subfield>
    <subfield code="w">d</subfield>
    <subfield code="y">2006 - 2015</subfield>
  </datafield>
  <datafield tag="510" ind1="1" ind2=" ">
    <subfield code="a">Deutsche Forschungsgemeinschaft</subfield>
    <subfield code="0">I:(DE-588b)2007744-0</subfield>
    <subfield code="b">DFG</subfield>
  </datafield>
  <datafield tag="680" ind1=" " ind2=" ">
    <subfield code="a">Reaktionskaskaden aus Übergangsmetall-katalysierter (-Aktivierung in Kombination mit sinnvoll gewählten Reaktionen sollen untersucht und angewandt werden. Molekulare Komplexität wird hierbei ausgehend von leicht zugänglichen Ausgangsmaterialien aufgebaut, wodurch Vorläufer von pharmazeutisch nützlichen Verbindungen und für die Naturstoffsynthese sinnvolle Intermediate synthetisiert werden sollen. Darüber hinaus ist geplant, durch verschiedene Folgereaktionen das Potenzial dieser Methode für die Totalsynthese von Naturstoffen zu demonstrieren.</subfield>
  </datafield>
  <datafield tag="909" ind1="C" ind2="O">
    <subfield code="o">oai:juser.fz-juelich.de:975003</subfield>
    <subfield code="p">authority:GRANT</subfield>
    <subfield code="p">authority</subfield>
  </datafield>
  <datafield tag="980" ind1=" " ind2=" ">
    <subfield code="a">G</subfield>
  </datafield>
  <datafield tag="980" ind1=" " ind2=" ">
    <subfield code="a">AUTHORITY</subfield>
  </datafield>
  <datafield tag="909" ind1="C" ind2="O">
    <subfield code="o">oai:juser.fz-juelich.de:975003</subfield>
  </datafield>
</record>
</collection>